Normal view
MARC view
- Dr. Muhammd Ali.
Entry Personal Name
001 - CONTROL NUMBER
- control field: 29949
003 - CONTROL NUMBER IDENTIFIER
- control field: NUST
005 - DATE AND TIME OF LATEST TRANSACTION
- control field: 20200907111353.0
008 - FIXED-LENGTH DATA ELEMENTS
- fixed length control field: 200907|| aca||aabn | a|a d
040 ## - CATALOGING SOURCE
- Original cataloging agency: NUST
- Transcribing agency: NUST
100 ## - HEADING--PERSONAL NAME
- Personal name: Dr. Muhammd Ali.
670 ## - SOURCE DATA FOUND
- Source citation: Work cat.: (NUST): Aun Ali Rizvi, Syed 29948, Development of Fatigue Empirical Correlation of Al-1050 Mechanical Structure by Using Numerical Techniques /, 2015.
